| 000 | 00386cam a2200157ua 4500 | ||
|---|---|---|---|
| 020 | _cRs.2/- | ||
| 041 |
_aeng _h |
||
| 082 |
_a891.54 _bLOK/KA |
||
| 100 | _aLoknadh, dridevi, silkari . | ||
| 245 |
_aKaya Nikash / _cLoknadh. _hTextual Documents |
||
| 260 |
_a : _bSathiprakashan sagar , _c1964. |
||
| 300 | _a80 ; . | ||
| 365 | _aRs.2/- | ||
| 504 | _a | ||
| 999 |
_c11631 _d11631 |
||